000 00445nam a22001337a 4500
999 _c67447
_d67444
100 _aAyaz Ali
_a17-16MSIT11
245 _aInvestigating Challenges and Impacts in Implementing Technology Based Tools for Online Classes
260 _aNawabshah
_bQuest
_c2021
300 _a80p.
650 _aMaster of Science in Information Technology
700 _aDepartment of Information Technology
856 _uhttps://tinyurl.com/kkwpppe5
942 _cTHESIS